| 000 | 00808cam a22002293a 4500 | ||
|---|---|---|---|
| 001 | 27404 | ||
| 003 | PGUSA | ||
| 005 | 20140828083607.0 | ||
| 008 | 081204s2008||||xxu|||||s|||||000 | eng d | ||
| 040 |
_aPGUSA _beng |
||
| 042 | _adc | ||
| 050 | 4 | _aDS | |
| 100 | 1 |
_aPowell, E. Alexander _q(Edward Alexander), _d1879-1957 |
|
| 245 | 1 | 0 |
_aWhere the Strange Trails Go Down : _bSulu, Borneo, Celebes, Bali, Java, Sumatra, Straits Settlements, Malay States, Siam, Cambodia, Annam, Cochin-China _h[electronic resource] / _cE. Alexander Powell |
| 260 |
_bProject Gutenberg, _c2008 |
||
| 506 | _aPublic domain in the USA. | ||
| 516 | _aElectronic text | ||
| 653 | _aSoutheast Asia -- Description and travel | ||
| 830 | 0 |
_aProject Gutenberg _v27404 |
|
| 856 | 4 | 0 | _uhttp://www.gutenberg.org/ebooks/27404 |
| 942 | _cEB | ||
| 999 |
_c256659 _d256659 |
||